00230 a2200109 450000100060000008200140000610000170002024500300003725000170006726000270008430000090011164399 a658.8 STA aStanton, W.J aFundamentals of Marketing a10th Edition aNew delhicMcGraw-Hill a697p